Discurso leido en la solemne apertura del curso académico de 1888 a 1889 / (Record no. 166952)

MARC details
000 -LEADER
campo de control de longitud fija 00832nam a2200193 i 4500
001 - NÚMERO DE CONTROL
campo de control 166952
003 - IDENTIFICADOR DE NÚMERO DE CONTROL
campo de control ES-MaACL
005 - FECHA Y HORA DE LA ÚLTIMA TRANSACCIÓN
campo de control 20230906213431.0
008 - DATOS DE LONGITUD FIJA--INFORMACIÓN GENERAL
campo de control de longitud fija 931025s1888 sp |||| | spa d
040 ## - FUENTE DE CATALOGACIÓN
Centro catalogador/agencia de origen AS
Lengua de catalogación spa
Centro/agencia transcriptor PAB
100 1# - ENTRADA PRINCIPAL--NOMBRE DE PERSONA
Nombre de persona Vallina y Subirana, Inocencio de la.
9 (RLIN) 133526
245 10 - MENCIÓN DEL TÍTULO
Título Discurso leido en la solemne apertura del curso académico de 1888 a 1889 /
Mención de responsabilidad, etc. por Inocencio de la Vallina y Subirana.
260 ## - PUBLICACIÓN, DISTRIBUCIÓN, ETC.
Lugar de publicación, distribución, etc. Oviedo :
Nombre del editor, distribuidor, etc. [s.n.],
Fecha de publicación, distribución, etc. 1888 (
Fabricante Est. tip. de Vicente Brid)
300 ## - DESCRIPCIÓN FÍSICA
Extensión 48 p. ;
Dimensiones 31 cm.
500 ## - NOTA GENERAL
Nota general Tema - Carácter general de la obra del Sr. Oliveira Martín, titulada Historia da civiliçao iberica.
594 ## - Nota al título y mención de responsabilidad
Nota al título y mención de responsabilidad Precede al tít.: Universidad literaria de Oviedo.
710 0# - ENTRADA AGREGADA--NOMBRE DE ENTIDAD CORPORATIVA
Nombre de entidad corporativa o nombre de jurisdicción como elemento de entrada Universidad Literaria de Oviedo.
9 (RLIN) 7389
852 ## - LOCALIZACIÓN
Ubicación ES-MaACL
Número de control de estantería T-498-F-4
Nota libre -- Enc. hol.
-- -- Enc. en un vol. facticio
Holdings
Estatus retirado Estado de pérdida Estado de daño No para préstamo Colección Biblioteca de origen Biblioteca actual Ubicación en estantería Fecha de adquisición Total de préstamos Signatura topográfica completa Código de barras Visto por última vez Precio de reemplazo Tipo de ítem Koha
        Colección de folletos Biblioteca del Ateneo de Madrid Biblioteca del Ateneo de Madrid Depósito folletos 17/01/2008   T-498-F-4 1175130 23/02/2023 23/02/2023 Folleto